Países Mais Produtores de Vinho - Statistics

Estatísticas Gerais
  • Esse quiz foi jogado 15 255 vezes
  • A pontuação média é 14 de 20
Estatísticas das Respostas
Toneladas País % Correto
390 k Brasil
96%
4,889 k França
96%
5,415 k Itália
95%
4,440 k Espanha
92%
2,384 k Estados Unidos
92%
588 k Portugal
92%
1,452 k Argentina
91%
633 k Alemanha
85%
1,290 k Chile
84%
1,922 k China
82%
428 k Rússia
82%
1,285 k Austrália
70%
300 k Grécia
66%
950 k África do Sul
52%
222 k Áustria
51%
302 k Nova Zelândia
51%
355 k Hungria
39%
126 k Romênia
38%
117 k Bulgária
33%
178 k Moldávia
17%
Nenhum quiz correspondente encontrado
Distribuição das Pontuações
Porcentagem de Pessoas com Cada Pontuação
Percentil de Números Respondidos
Sua Pontuação Histórica
Você não jogou esse quiz